| 000 | 00511nam a2200157 i 4500 | ||
|---|---|---|---|
| 001 | 80416 | ||
| 003 | ES-MaACL | ||
| 005 | 20230906174218.0 | ||
| 007 | t| | ||
| 008 | 041028s1924 sp ||||1| spa d | ||
| 100 | 1 |
_aHigueras Rojas, Pedro Alonso. _963656 |
|
| 245 | 1 | 4 |
_aLas democracias (1924) _b: armonía (esbozo de criterio para una nueva política) / _cPedro Alonso Higueras Rojas. |
| 260 |
_aUbeda : _b[s.n., _c1924] ( _fImp. Moderna) |
||
| 300 |
_a134 p. ; _c15 cm. |
||
| 852 |
_aES-MaACL _j1676-F-2 _bR.4642 |
||
| 999 |
_c80416 _d80416 |
||